Statistics for Can you name all color dyes in minecraft?

Click here to take the quiz!

General Stats

  • This quiz has been taken 14 times
  • The average score is 14 of 16

Answer Stats

Answer% Correct
black
100%
blue
100%
gray
100%
green
100%
orange
100%
red
100%
white
100%
pink
92%
purple
92%
yellow
92%
brown
83%
lime
83%
magenta
83%
cyan
75%
light blue
75%
light gray
67%

Score Distribution

Percentile by Number Answered

Percent of People with Each Score

Your Score History

You have not taken this quiz